| 000 | 01052 a2200325 4500 | ||
|---|---|---|---|
| 001 | 200001934 | ||
| 003 | TR-AnTOB | ||
| 005 | 20250801110437.0 | ||
| 008 | 161129d20029999tu qn0p 0 0 | ||
| 022 | 0 | _a1303-5010 | |
| 040 |
_aTR-AnTOB _beng _cTR-AnTOB _erda |
||
| 041 | 0 | _aeng | |
| 099 | _aJOURNAL - HACÜ MA | ||
| 222 | 0 | _aHacettepe Journal of Mathematics and Statistics | |
| 245 | 0 | 0 | _aHacettepe Journal of Mathematics and Statistics. |
| 260 |
_aBeytepe, Ankara, Turkey : _bFaculty of Sciences of Hacettepe University |
||
| 310 | _aBimonthly. | ||
| 336 |
_atext _btxt _2rdacontent |
||
| 337 |
_aunmediated _bn _2rdamedia |
||
| 338 |
_avolume _bnc _2rdacarrier |
||
| 362 | 0 | _aBegan in 2002. | |
| 500 | _aAvaible online (Open access) | ||
| 650 | 0 | 0 |
_aScience _vPeriodicals _99 |
| 650 | 7 |
_aBilim _vSüreli yayınlar _968363 |
|
| 710 |
_aHacettepe Üniversitesi. _bSosyal Hizmetler Yüksekokulu _943571 |
||
| 856 | 4 | 2 | _uhttp://www.hjms.hacettepe.edu.tr/Access |
| 856 | 4 | 2 | _uhttps://dergipark.org.tr/en/pub/hujms |
| 942 |
_cCR _2lcc |
||
| 999 |
_c200001934 _d16097 |
||